LEADER 01052nam a2200265 i 4500 001 000000148798 003 CaOOAMICUS 005 20060316000000.0 008 060316s1966 it u000 u ita u 013 $a126116 040 $aSeMil$bita 100 1 $aSnell, Bruno.$0(OLS)http://semarc/name/43500 245 13$aLa struttura del linguaggio /$cBruno Snell. 260 $aBologna :$bIl Mulino,$ccopyr. 1966. 300 $aXIII, 239 p. ;$c22 cm. 490 0 $aCollezione di testi e di studi. Linguistica e critica letteraria 500 $aFondo Ciprandi. 650 4$aLinguaggio.$0(OLS)http://semarc/subject/12730 830 0$aCollezione di testi e di studi. Linguistica e critica letteraria.$0(OLS)http://semarc/title/10716 850 $aSeMil 852 $aSeMil$W1$xVenegono$y1$m1C III 109$j101154$B101154$CSeMilBibl$Z2$F109825 $81 941 1 $a1 961 $aOmaggio: Ciprandi dott. Paolo 996 $6245$aLa struttura del linguaggio$9(OLS)http://semarc/title/217501 996 $6260$aBologna :$bIl Mulino$9(OLS)http://semarc/publisher/29842 LEADER 01475nam a2200229 i 4500 001 000000031626 003 CaOOAMICUS 005 20220203134929.0 008 180830s1868 fr u000 u fre u 040 $aSeMil$bita 100 1 $aRondet, Laurent Étienne ,$d<1711-1785>.$0(OLS)http://semarc/name/13624 245 10$aTable générale des matières contenues dans les 14. volumes de l'Histoire générale des auteurs sacrés et ecclesiastiques composée par le R. p. Dom Remy Ceilleur ... /$crédigée par Laur.-Et. Rondet ; corrigée et augmentée par M. l'abbé Bauzon. 260 $aParis :$bChez Louis Vivès,$c1868. 300 $a2 v. ;$c29 cm. 700 1 $aCeillier, Rémy,$c.$0(OLS)http://semarc/name/14571 700 1 $aBauzon, Louis Marie,$d<1819-1893>.$0(OLS)http://semarc/name/14572 773 0 $aCeillier, Rémy, $tHistoire générale des auteurs sacrés et ecclésiastiques.$bNouvelle édition soigneusement revue, corrigée, completée et terminée par une table générale des matières.$dParis : Chez louis Vivès, 1858-1868.$w()31625 774 0 $tTome 1.$g1$w()240144 774 0 $tTome 2.$g2$w()240145 996 $6245$aTable générale des matières contenues dans les 14. volumes de l'Histoire générale des auteurs sacrés et ecclesiastiques composée par le R. p. Dom Remy Ceilleur ...$9(OLS)http://semarc/title/42935 996 $6260$aParis :$bChez Louis Vivès$9(OLS)http://semarc/publisher/37864